[Event "Teplice Open 2019"]
[Site "Teplice"]
[Date "2019.06.19"]
[Round "5.11"]
[White "Halvax, Georg"]
[Black "Lagarde, Maxime"]
[Result "0-1"]
[WhiteElo "2408"]
[BlackElo "2599"]
[Annotator "ChessBase"]
[PlyCount "66"]
[EventDate "2019.06.15"]
[EventType "swiss"]
[EventCountry "CZE"]
[SourceTitle "playchess.com"]
[Source "ChessBase"]
[SourceQuality "1"]
[TimeControl "40/5400+30:1800+30"]

1. d4 {[%emt 0:00:00]} Nf6 {[%emt 0:00:00]} 2. c4 {[%emt 0:00:00]} c5 {[%emt 0:00:00]} 3. d5 {[%emt 0:00:00]} b5 {[%emt 0:00:00]} 4. cxb5 {[%emt 0:00:06]} a6 {[%emt 0:00:00]} 5. bxa6 {[%emt 0:00:11]} g6 {[%emt 0:00:00]} 6. Nc3 {[%emt 0:00:24]} Bg7 {[%emt 0:00:07]} 7. e4 {[%emt 0:00:36]} O-O {[%emt 0:00:22]} 8. a7 {[%emt 0:00:07]} Rxa7 {[%emt 0:00:18]} 9. Nf3 {[%emt 0:00:30]} d6 {[%emt 0:08:23]} 10. Be2 {[%emt 0:01:35]} e6 {[%emt 0:06:47]} 11. dxe6 {[%emt 0:07:09]} fxe6 {[%emt 0:13:49]} 12. e5 {[%emt 0:08:36]} dxe5 {[%emt 0:00:41]} 13. Qxd8 {[%emt 0:00:10]} Rxd8 {[%emt 0:00:05]} 14. Be3 {[%emt 0:17:56]} Rb7 {[%emt 0:02:08]} 15. Bxc5 {[%emt 0:05:10]} Rxb2 {[%emt 0:02:17]} 16. Be7 {[%emt 0:03:29]} Nd5 {[%emt 0:05:36]} 17. Bxd8 {[%emt 0:04:37]} Nxc3 {[%emt 0:00:21]} 18. Bc4 {[%emt 0:06:05]} Nc6 {[%emt 0:06:09]} 19. Bg5 {[%emt 0:01:51]} Na5 {[%emt 0:02:21]} 20. Bb3 {[%emt 0:09:00]} Re2+ {[%emt 0:01:24]} 21. Kf1 {[%emt 0:00:02]} Ba6 {[%emt 0:08:04]} 22. Bxe6+ {[%emt 0:05:01]} Kf8 {[%emt 0:00:33]} 23. Kg1 {[%emt 0:02:47]} e4 {[%emt 0:00:35]} 24. Nh4 {[%emt 0:08:26]} Bd4 {[%emt 0:05:35]} 25. h3 {[%emt 0:01:37]} Rxf2 {[%emt 0:02:10]} 26. Kh2 {[%emt 0:02:54]} Be5+ {[%emt 0:00:22]} 27. Kg1 {[%emt 0:00:08]} Bg3 {[%emt 0:01:48]} 28. Bg4 {[%emt 0:01:58]} Nc4 {[%emt 0:02:48]} 29. Rc1 {[%emt 0:03:01]} Ne5 {[%emt 0:00:58]} 30. Bh6+ {[%emt 0:04:29]} Ke8 {[%emt 0:00:27]} 31. Bg7 {[%emt 0:00:06]} Nf3+ {[%emt 0:02:56]} 32. Bxf3 {[%emt 0:00:17]} exf3 {[%emt 0:00:03]} 33. Bxc3 {[%emt 0:00:13]} Rxg2+ {[%emt 0:00:05]} 0-1

[Event "Teplice Open 2019"]
[Site "Teplice"]
[Date "2019.06.19"]
[Round "5.12"]
[White "Kostolansky, Sebastian Lukas"]
[Black "Hracek, Zbynek"]
[Result "0-1"]
[WhiteElo "2379"]
[BlackElo "2582"]
[Annotator "TA"]
[PlyCount "102"]
[EventDate "2019.06.15"]
[EventType "swiss"]
[EventCountry "CZE"]
[SourceTitle "playchess.com"]
[Source "ChessBase"]
[SourceQuality "1"]

{[%evp 13,120,22,41,19,22,24,26,16,19,11,55,21,27,40,90,95,91,100,87,89,99,86,86,81,87,89,96,83,124,51,67,-24,-16,-16,-5,-11,-16,-10,-20,-194,-150,-197,-203,-158,42,-13,-9,-73,-10,-10,-10,-10,-7,-13,-13,0,0,0,0,0,0,0,-8,-160,-160,-143,-115,-160,-160,-160,-160,-160,-160,-160,-153,-388,-371,-637,-545,-622,-604,-534,-408,-497,-541,-783,-927,-1038,-854,-740,-704,-2722,-2604,-6195,-4678,-4810,-3289,-29982,-29983,-29977,-29979,-29979,-29980,-29980,-29981,-29981,-29982,-29982,-29983]} 1. e4 c5 2. Nf3 Nc6 3. Bb5 g6 4. Bxc6 dxc6 5. O-O Bg7 6. Re1 e5 7. d3 Ne7 8. a4 {B31: Sicilian: 2...Nc6 3 Bb5 g6} a5 9. Be3 b6 10. Na3 {White has an edge.} O-O 11. h3 h6 $146 ({Predecessor:} 11... Qc7 12. Qc1 Ba6 13. b3 Rfe8 14. Nc4 Rad8 15. Bh6 f6 {½-½ (75) Sofronie,I (2399)-Motylev,A (2570) Sovata 2001}) 12. c3 Qc7 13. Qc1 Rd8 14. d4 $1 ({But not} 14. Bxh6 $6 Rxd3 15. Nc4 f6 $11) 14... cxd4 ({Reject} 14... exd4 $6 15. Bf4 $11) 15. cxd4 exd4 16. Bxh6 c5 17. Nb5 Qc6 18. Bxg7 Kxg7 19. Qg5 Qf6 20. Qg3 $1 Bb7 21. e5 (21. Ng5 $16) 21... Qc6 $1 $14 22. Nh4 (22. Qh2 $14) 22... Rh8 $1 $36 {[%cal Rh8h4][%mdl 2048] Black has good play.} 23. f3 Rh5 24. Nd6 {Qf4 is the strong threat.} Rf8 25. Re4 Bc8 26. Rf4 $2 (26. f4 $11) 26... Be6 27. Rf6 {Hoping for Nxf7!} Qd5 $1 {[%cal Rd5e5]} 28. f4 d3 $2 (28... Qb3 $1 $17 {[%cal Rb3g3]} 29. Nf3 Qxb2) 29. f5 (29. Rd1 $1 $14 c4 30. f5) 29... Qd4+ 30. Kh2 Qxh4 (30... Bd5 $1 $17 31. Rxf7+ (31. Nxg6 fxg6 32. Rxg6+ Kh8 $15) 31... Rxf7 32. f6+ Rxf6 33. exf6+ Kxf6 34. Rf1+ Kg7 35. Ndf5+ Rxf5 $1 {[%mdl 512]} 36. Rxf5 d2) 31. Qxh4 Rxh4 32. fxe6 fxe6 33. Raf1 Rxf6 34. exf6+ Kf8 {White must now prevent ...Nd5.} 35. fxe7+ Kxe7 {[%mdl 4096] Endgame KRN-KR} 36. Nb5 Rxa4 {aiming for ...Rb4.} 37. Nc3 $1 {[%cal Rc3a4]} Rb4 38. Rf2 $2 (38. Rb1 $11) 38... b5 $17 {[%mdl 1024] Black has strong compensation.} 39. Kg3 {[#]} a4 $1 40. Kf3 Rb3 {And now ...a3 would win.} 41. Nd1 {[#]} c4 $1 42. Ke4 a3 43. bxa3 Rxa3 44. Kd4 $2 (44. Rb2 $17 {was the only defense.}) 44... Kd6 $19 45. h4 $2 (45. Nb2 e5+ 46. Ke4) 45... Ra1 46. Ne3 e5+ 47. Ke4 Rh1 48. g3 Kc5 49. g4 {White hopes to continue with h5.} Rxh4 50. Kxe5 Rh1 51. Ke4 Rh8 {Played: Rh1-e1} 0-1

[Event "Teplice Open 2019"]
[Site "Teplice"]
[Date "2019.06.19"]
[Round "5.13"]
[White "Dastan, Muhammed Batuhan"]
[Black "Di Nicolantonio, Lucas"]
[Result "1-0"]
[WhiteElo "2561"]
[BlackElo "2379"]
[Annotator "ChessBase"]
[PlyCount "44"]
[EventDate "2019.06.15"]
[EventType "swiss"]
[EventCountry "CZE"]
[SourceTitle "playchess.com"]
[Source "ChessBase"]
[SourceQuality "1"]
[TimeControl "40/5400+30:1800+30"]

1. e4 {[%emt 0:00:00]} c5 {[%emt 0:00:00]} 2. Nf3 {[%emt 0:00:00]} d6 {[%emt 0:00:07]} 3. d4 {[%emt 0:00:00]} cxd4 {[%emt 0:00:15]} 4. Nxd4 {[%emt 0:00:00]} Nf6 {[%emt 0:00:07]} 5. Nc3 {[%emt 0:00:00]} a6 {[%emt 0:00:20]} 6. h4 {[%emt 0:00:00]} e5 {[%emt 0:01:10]} 7. Nb3 {[%emt 0:00:02]} Be7 {[%emt 0:00:38]} 8. Bg5 {[%emt 0:00:30]} Nbd7 {[%emt 0:00:30]} 9. a4 {[%emt 0:00:30]} b6 {[%emt 0:00:30]} 10. g4 {[%emt 0:00:30]} Bb7 {[%emt 0:00:30]} 11. Bg2 {[%emt 0:00:30]} Rc8 {[%emt 0:00:30]} 12. Bxf6 {[%emt 0:08:24]} Nxf6 {[%emt 0:08:03]} 13. g5 {[%emt 0:00:06]} Nd7 {[%emt 0:01:48]} 14. Rh3 {[%emt 0:12:20]} Nf8 {[%emt 0:18:10]} 15. Nc1 {[%emt 0:06:45]} Ne6 {[%emt 0:02:45]} 16. N1e2 {[%emt 0:00:24]} O-O {[%emt 0:04:52]} 17. Rg3 {[%emt 0:02:24]} b5 {[%emt 0:13:55]} 18. axb5 {[%emt 0:09:42]} axb5 {[%emt 0:00:06]} 19. Nxb5 {[%emt 0:00:30]} d5 {[%emt 0:00:30]} 20. exd5 {[%emt 0:00:30]} Nf4 {[%emt 0:00:30]} 21. Nxf4 {[%emt 0:00:30]} exf4 {[%emt 0:00:30]} 22. Rb3 {[%emt 0:00:30]} Rc4 {[%emt 0:23:44]} 1-0

[Event "Teplice Open 2019"]
[Site "Teplice"]
[Date "2019.06.19"]
[Round "5.14"]
[White "Stocek, Jiri"]
[Black "Pajeken, Jakob Leon"]
[Result "1-0"]
[WhiteElo "2551"]
[BlackElo "2359"]
[Annotator "ChessBase"]
[PlyCount "55"]
[EventDate "2019.06.15"]
[EventType "swiss"]
[EventCountry "CZE"]
[SourceTitle "playchess.com"]
[Source "ChessBase"]
[SourceQuality "1"]
[TimeControl "40/5400+30:1800+30"]

1. c4 {[%emt 0:00:38]} e6 {[%emt 0:00:00]} 2. d4 {[%emt 0:01:49]} d5 {[%emt 0:01:06]} 3. Nf3 {[%emt 0:01:00]} Nf6 {[%emt 0:00:00]} 4. Bg5 {[%emt 0:00:49]} dxc4 {[%emt 0:00:00]} 5. Qa4+ {[%emt 0:00:50]} Nbd7 {[%emt 0:01:02]} 6. e4 {[%emt 0:02:59]} c6 {[%emt 0:16:01]} 7. Qxc4 {[%emt 0:03:38]} h6 {[%emt 0:01:41]} 8. Bxf6 {[%emt 0:00:18]} Qxf6 {[%emt 0:00:49]} 9. e5 {[%emt 0:06:04]} Qd8 {[%emt 0:09:13]} 10. Nc3 {[%emt 0:06:14]} Nb6 {[%emt 0:03:57]} 11. Qb3 {[%emt 0:01:21]} a5 {[%emt 0:06:38]} 12. a3 {[%emt 0:07:15]} a4 {[%emt 0:01:52]} 13. Qc2 {[%emt 0:00:24]} Nd5 {[%emt 0:07:41]} 14. Ne4 {[%emt 0:02:15]} Bd7 {[%emt 0:03:00]} 15. Rc1 {[%emt 0:05:19]} b6 {[%emt 0:07:05]} 16. Bc4 {[%emt 0:01:34]} Be7 {[%emt 0:06:21]} 17. O-O {[%emt 0:05:46]} Ra5 {[%emt 0:04:42]} 18. Ba2 {[%emt 0:02:58]} Qb8 {[%emt 0:03:34]} 19. Rfe1 {[%emt 0:06:17]} Qa7 {[%emt 0:03:54]} 20. h4 {[%emt 0:04:41]} Qa6 {[%emt 0:07:32]} 21. g3 {[%emt 0:04:01]} b5 {[%emt 0:03:21]} 22. Nd6+ {[%emt 0:06:33]} Bxd6 {[%emt 0:01:00]} 23. exd6 {[%emt 0:00:04]} b4 {[%emt 0:00:43]} 24. Bc4 {[%emt 0:01:54]} Qb6 {[%emt 0:01:22]} 25. Ne5 {[%emt 0:02:36]} Qxd4 {[%emt 0:04:37]} 26. Nxd7 {[%emt 0:01:30]} b3 {[%emt 0:01:44]} 27. Bxb3 {[%emt 0:00:20]} axb3 {[%emt 0:02:54]} 28. Qxc6 {[%emt 0:00:07]} 1-0

[Event "Teplice Open 2019"]
[Site "Teplice"]
[Date "2019.06.19"]
[Round "5.15"]
[White "Eden, James"]
[Black "Ali Marandi, Cemil Can"]
[Result "0-1"]
[WhiteElo "2346"]
[BlackElo "2520"]
[Annotator "ChessBase"]
[PlyCount "42"]
[EventDate "2019.06.15"]
[EventType "swiss"]
[EventCountry "CZE"]
[SourceTitle "playchess.com"]
[Source "ChessBase"]
[SourceQuality "1"]
[TimeControl "40/5400+30:1800+30"]

1. d4 {[%emt 0:00:00]} Nf6 {[%emt 0:01:58]} 2. Nf3 {[%emt 0:00:05]} d5 {[%emt 0:00:11]} 3. c4 {[%emt 0:00:41]} c6 {[%emt 0:00:59]} 4. cxd5 {[%emt 0:00:25]} cxd5 {[%emt 0:00:02]} 5. Nc3 {[%emt 0:00:18]} Nc6 {[%emt 0:00:27]} 6. Bf4 {[%emt 0:00:21]} Nh5 {[%emt 0:00:22]} 7. Bd2 {[%emt 0:01:10]} g6 {[%emt 0:00:48]} 8. e3 {[%emt 0:05:58]} Bg7 {[%emt 0:00:28]} 9. Qb3 {[%emt 0:01:42]} Nf6 {[%emt 0:01:53]} 10. Ne5 {[%emt 0:12:24]} O-O {[%emt 0:01:33]} 11. Nxc6 {[%emt 0:03:15]} bxc6 {[%emt 0:01:27]} 12. Bd3 {[%emt 0:04:19]} e5 {[%emt 0:01:35]} 13. dxe5 {[%emt 0:03:32]} Nd7 {[%emt 0:00:55]} 14. Na4 {[%emt 0:06:54]} Rb8 {[%emt 0:02:16]} 15. Qc2 {[%emt 0:04:22]} Nxe5 {[%emt 0:00:54]} 16. O-O {[%emt 0:00:55]} Qh4 {[%emt 0:02:28]} 17. b3 {[%emt 0:11:11]} Nf3+ {[%emt 0:09:30]} 18. gxf3 {[%emt 0:00:10]} Be5 {[%emt 0:00:08]} 19. Rfc1 {[%emt 0:04:07]} Bh3 {[%emt 0:00:53]} 20. e4 {[%emt 0:07:01]} Bxh2+ {[%emt 0:00:51]} 21. Kh1 {[%emt 0:00:07]} Bg4 {[%emt 0:02:25]} 0-1

[Event "Teplice Open 2019"]
[Site "Teplice"]
[Date "2019.06.19"]
[Round "5.16"]
[White "Greenfeld, Alon"]
[Black "Risting, Eivind Olav"]
[Result "1-0"]
[WhiteElo "2513"]
[BlackElo "2357"]
[Annotator "ChessBase"]
[PlyCount "59"]
[EventDate "2019.06.15"]
[EventType "swiss"]
[EventCountry "CZE"]
[SourceTitle "playchess.com"]
[Source "ChessBase"]
[SourceQuality "1"]
[TimeControl "40/5400+30:1800+30"]

1. d4 {[%emt 0:00:20]} Nf6 {[%emt 0:00:00]} 2. Nf3 {[%emt 0:01:04]} e6 {[%emt 0:01:09]} 3. c4 {[%emt 0:02:30]} d5 {[%emt 0:01:09]} 4. Nc3 {[%emt 0:02:03]} dxc4 {[%emt 0:00:40]} 5. e4 {[%emt 0:02:49]} b5 {[%emt 0:00:29]} 6. e5 {[%emt 0:00:20]} Nd5 {[%emt 0:00:08]} 7. Nxb5 {[%emt 0:00:10]} Nb6 {[%emt 0:00:11]} 8. Be2 {[%emt 0:00:45]} Nc6 {[%emt 0:00:37]} 9. O-O {[%emt 0:00:41]} Be7 {[%emt 0:00:12]} 10. Qd2 {[%emt 0:00:54]} Bb7 {[%emt 0:01:09]} 11. Rd1 {[%emt 0:08:56]} Qd7 {[%emt 0:05:30]} 12. Qf4 {[%emt 0:08:26]} Nb4 {[%emt 0:12:16]} 13. Nc3 {[%emt 0:03:31]} O-O-O {[%emt 0:12:20]} 14. Qxf7 {[%emt 0:07:32]} Rdf8 {[%emt 0:25:03]} 15. Qh5 {[%emt 0:01:43]} Rf5 {[%emt 0:03:22]} 16. Qh3 {[%emt 0:04:23]} N4d5 {[%emt 0:04:27]} 17. Nxd5 {[%emt 0:15:51]} Bxd5 {[%emt 0:03:15]} 18. Be3 {[%emt 0:01:02]} g5 {[%emt 0:03:16]} 19. Ne1 {[%emt 0:05:23]} h5 {[%emt 0:07:15]} 20. g4 {[%emt 0:02:21]} Rff8 {[%emt 0:00:27]} 21. gxh5 {[%emt 0:00:26]} g4 {[%emt 0:02:13]} 22. Bxg4 {[%emt 0:01:34]} Rfg8 {[%emt 0:00:42]} 23. f3 {[%emt 0:01:44]} Na4 {[%emt 0:02:09]} 24. Rd2 {[%emt 0:04:21]} Qb5 {[%emt 0:02:37]} 25. Ng2 {[%emt 0:12:45]} Nxb2 {[%emt 0:01:53]} 26. Bxe6+ {[%emt 0:00:34]} Kb8 {[%emt 0:02:43]} 27. Bxd5 {[%emt 0:02:12]} c3 {[%emt 0:00:24]} 28. Rc2 {[%emt 0:01:28]} Qd3 {[%emt 0:00:40]} 29. Bxg8 {[%emt 0:02:58]} Qxc2 {[%emt 0:01:28]} 30. Qe6 {[%emt 0:00:29]} 1-0

[Event "Teplice Open 2019"]
[Site "Teplice"]
[Date "2019.06.19"]
[Round "5.17"]
[White "Krishna, Teja N."]
[Black "Kraus, Tomas"]
[Result "0-1"]
[WhiteElo "2357"]
[BlackElo "2479"]
[Annotator "TA"]
[PlyCount "172"]
[EventDate "2019.06.15"]
[EventType "swiss"]
[EventCountry "CZE"]
[SourceTitle "playchess.com"]
[Source "ChessBase"]
[SourceQuality "1"]

{[%evp 11,172,28,27,14,24,4,50,63,62,62,64,-37,-24,-29,-14,-82,0,-112,-109,-115,-106,-146,-144,-141,-131,-152,-129,-165,-164,-166,-154,-274,-253,-262,-227,-227,-227,-227,-220,-216,-202,-200,-205,-205,-203,-239,-239,-342,-325,-320,-233,-227,-220,-212,-200,-199,-199,-199,-199,-199,-188,-188,-188,-267,-56,-41,-8,-82,0,-121,-41,-41,-41,-41,-41,-41,-41,-56,-49,-56,-56,-56,-56,-56,-56,-56,-56,-56,-56,-56,-56,-56,-56,-59,-56,-56,-56,-56,-56,-75,-56,-29981,-871,-773,-766,-504,-93,-100,-100,-100,-68,-29968,-29973,-29979,-29980,-29980,-29981,-29981,-29982,-29983,0,-1209,0,-29983,-266,-29952,-29968,-29981,-29982,-29982,-29983,-29982,0,-245,-8,-14,-8,-8,-13,-21,-21,-26,-8,-8,0,-8,0,-8,0,-56,-56,-242,0,-473,0,-29983,-29984,-29984,-29985,-29985,-29986,-29986,-29987]} 1. d4 d6 2. e4 Nf6 3. Nc3 e5 4. dxe5 dxe5 5. Qxd8+ Kxd8 6. Bg5 Be6 7. g3 $146 {B07: Pirc Defence: Miscellaneous Systems} (7. O-O-O+ Kc8 8. f4 exf4 9. Nf3 Nbd7 10. Bxf4 Bc5 11. h3 Nh5 12. Bh2 Be3+ 13. Kb1 Bf4 14. Bxf4 Nxf4 15. Nd4 c6 16. g3 Ng6 17. Nxe6 fxe6 {0-1 (53) Kravtsiv,M (2672)-Khismatullin,D (2632) Riadh 2017}) 7... Bb4 8. O-O-O+ Kc8 9. Bxf6 $1 {White is slightly better.} gxf6 10. Nd5 $1 {[%cal Rd5b4]} Bc5 11. Bh3 (11. Nxf6 $14 Nc6 12. Bh3) 11... Nd7 $15 12. Ne3 c6 13. Nf5 (13. Kd2 $11 {keeps the balance.}) 13... Rd8 ({Black should play} 13... Bxf2 $17 14. Nd6+ Kc7 15. Nxf7 Rhe8 16. Bxe6 Rxe6) 14. Ne2 (14. Ng7 $11) 14... Bxf2 15. Rhf1 Bc5 16. Rf3 Kc7 ({And not} 16... Bxa2 17. Ng7 $11) 17. a3 Nb6 {[%cal Bd7b6,Bb6c4,Bc4d2][%mdl 32]} 18. Rfd3 Nc4 19. Rxd8 Rxd8 20. Rxd8 Kxd8 21. g4 (21. Bg4 $17 {is a better defense.}) 21... Be3+ $1 $19 22. Kb1 Nd2+ 23. Ka1 Bf4 $1 24. Bg2 Bxh2 25. b3 Bf4 26. Kb2 Bg5 27. Ng1 a5 28. Nh3 {[#]} a4 $1 {[%cal Ra4b3]} 29. bxa4 (29. Nxg5 {was forced.} fxg5 30. bxa4) 29... Nc4+ 30. Kc3 Nxa3 31. Nxg5 fxg5 {[%mdl 4096] Endgame KBN-KBN} 32. Ne3 b5 33. Kb4 Nc4 34. Nxc4 Bxc4 {KB-KB} ({Don't do} 34... bxc4 35. Bf3 $17) 35. Bf3 Kc7 36. Kc5 h6 37. a5 (37. Bd1 $142) 37... Bf1 $2 (37... Kb7 $19 38. Bd1 Bf1) 38. a6 $15 Bc4 39. Bd1 (39. c3 $1 $11 {remains equal.}) 39... Bf1 40. Bf3 f6 41. c3 Bd3 42. a7 $1 {[%cal Ra7a8]} Kb7 43. a8=Q+ Kxa8 44. Kxc6 Ka7 {Strongly threatening ...Ka6.} 45. Kd6 Kb6 {Threatens to win with ...Ka5.} 46. Ke6 Kc5 {...Kc4 is the strong threat.} 47. Kxf6 Kc4 $1 {[%cal Rc4c3]} 48. Kxe5 Kxc3 {And now ...b4 would win.} 49. Kf6 $1 b4 50. e5 b3 51. e6 b2 52. e7 {[#]} Bg6 $1 {[%mdl 576] Decoy, Promotion} 53. Kxg6 b1=Q+ 54. Kf7 Qb3+ 55. Kf8 Qb4 {aiming for ...Qf4+.} 56. Bc6 $2 {[%mdl 8192]} (56. Bh1 $15) 56... Qd6 (56... Kd4 $142 57. Bg2 Ke5 58. Kf7 Qc4+ 59. Kf8 Qc5 60. Kf7 Qc7 $1 {[%mdl 512]} 61. Bc6 Qxc6 62. e8=Q+ Qxe8+ 63. Kxe8 Kf4 64. Kd7 Kxg4 65. Kc6 h5 66. Kd5 Kf4 67. Kc4 h4 68. Kd3 h3 69. Kd4 g4 70. Kd3 g3 71. Kc4 h2 72. Kb3 h1=Q 73. Kc2 g2 74. Kc3 g1=Q 75. Kc4 Qe4+ 76. Kb3 Qb6+ 77. Kc3 Qbb4#) 57. Bh1 $19 Qf6+ 58. Ke8 {[#]} Kc4 $2 (58... h5 $1 $19 59. gxh5 Qe6) 59. Kd7 $17 Qd4+ 60. Kc7 Qf4+ 61. Kc6 $2 {[%mdl 8192]} (61. Kd8 $15 Qd6+ 62. Ke8) 61... Kc3 62. Kd7 Qxg4+ 63. Kd8 Qd1+ 64. Kc7 Qe1 65. Kd7 Qd1+ (65... Qxh1 $142 66. Ke6 Qf3 67. Ke5 Qc6 68. Kf5 Qd7+ 69. Kg6 g4 70. Kh7 Qxe7+ 71. Kg6 g3 72. Kf5 g2 73. Kg4 g1=Q+ 74. Kh3 Qe6+ 75. Kh4 Qh2#) 66. Kc7 $1 $19 Qe1 67. Kd7 {intending Bc6.} Qd2+ $2 (67... Qxh1 68. e8=Q Qb7+ 69. Kd6 Qb6+ 70. Ke7 Qe3+ 71. Kd8 Qxe8+ 72. Kxe8 g4 73. Kd7 g3 74. Ke6 g2 75. Kd6 g1=Q 76. Ke6 Kd4 77. Kf5 Qg5+ 78. Ke6 Kc5 79. Kd7 Qf6 80. Ke8 Qg7 81. Kd8 Kd6 82. Ke8 Qg8#) 68. Kc8 $2 (68. Ke6 $19 Qe1+ 69. Kd6) 68... Qe3 69. Kd7 Qh3+ 70. Kd6 Qh2+ 71. Kd7 Qd2+ $2 (71... Qxh1 {mates} 72. e8=Q Qb7+ 73. Kd6 Qb6+ 74. Ke7 Qe3+ 75. Kf8 Qxe8+ 76. Kxe8 g4 77. Kd7 Kd4 78. Ke6 g3 79. Ke7 g2 80. Ke6 g1=Q 81. Kd6 Qg6+ 82. Kd7 Kc5 83. Ke7 Kc6 84. Kf8 Qh7 85. Ke8 Qg7 86. Kd8 Qf8#) 72. Kc7 $2 (72. Kc8 $1 $11 {and White is okay.}) 72... Qf4+ $2 (72... Kd4 $19 73. e8=Q Qh2+ {[%mdl 64] Double Attack} 74. Kb6 Qxh1) 73. Kd7 $11 Qf5+ 74. Kd6 Qf6+ 75. Kd7 Qd4+ 76. Kc7 Qe5+ 77. Kd7 Qf5+ 78. Kd6 Qf4+ 79. Kd7 Qg4+ 80. Kd6 (80. Kd8 $11) 80... Qg3+ $15 81. Kd7 $2 {[#]} (81. Ke6 $1 $15) 81... Qh3+ $2 (81... Kd4 $1 {White must now prevent ...Qh3+.} 82. e8=Q Qh3+ {[%mdl 64] Double Attack} 83. Ke7 Qxh1 84. Qa4+ Ke5) 82. Kd6 $1 $19 Qh2+ 83. Kd7 Qxh1 {Black mates.} 84. e8=Q Qb7+ 85. Kd6 Qb6+ 86. Kd5 Qd4+ {Accuracy: White = 60%, Black = 65%.} 0-1

[Event "Teplice Open 2019"]
[Site "Teplice"]
[Date "2019.06.19"]
[Round "5.19"]
[White "Karas, Marek"]
[Black "Haldorsen, Benjamin"]
[Result "1/2-1/2"]
[WhiteElo "2268"]
[BlackElo "2454"]
[Annotator "ChessBase"]
[PlyCount "61"]
[EventDate "2019.06.15"]
[EventType "swiss"]
[EventCountry "CZE"]
[SourceTitle "playchess.com"]
[Source "ChessBase"]
[SourceQuality "1"]
[TimeControl "40/5400+30:1800+30"]

1. d4 {[%emt 0:00:00]} Nf6 {[%emt 0:00:00]} 2. Nf3 {[%emt 0:00:00]} d5 {[%emt 0:05:14]} 3. c4 {[%emt 0:00:00]} dxc4 {[%emt 0:03:17]} 4. e3 {[%emt 0:00:00]} e6 {[%emt 0:00:03]} 5. Bxc4 {[%emt 0:00:12]} a6 {[%emt 0:00:02]} 6. O-O {[%emt 0:00:16]} b5 {[%emt 0:00:14]} 7. Be2 {[%emt 0:04:07]} Bb7 {[%emt 0:00:36]} 8. Nbd2 {[%emt 0:00:39]} Nbd7 {[%emt 0:04:43]} 9. a4 {[%emt 0:03:52]} b4 {[%emt 0:01:21]} 10. Nc4 {[%emt 0:04:21]} c5 {[%emt 0:11:29]} 11. Nfe5 {[%emt 0:09:10]} Qc7 {[%emt 0:06:38]} 12. Bf3 {[%emt 0:03:42]} Be7 {[%emt 0:08:35]} 13. Nxd7 {[%emt 0:14:43]} Nxd7 {[%emt 0:01:19]} 14. d5 {[%emt 0:01:35]} exd5 {[%emt 0:01:05]} 15. Bxd5 {[%emt 0:01:40]} Rd8 {[%emt 0:06:58]} 16. Bxb7 {[%emt 0:01:36]} Qxb7 {[%emt 0:00:02]} 17. Qe2 {[%emt 0:02:21]} Qe4 {[%emt 0:10:08]} 18. b3 {[%emt 0:03:25]} O-O {[%emt 0:03:48]} 19. Bb2 {[%emt 0:01:06]} Bf6 {[%emt 0:01:38]} 20. f3 {[%emt 0:03:12]} Qe6 {[%emt 0:00:25]} 21. Rfd1 {[%emt 0:01:47]} Bxb2 {[%emt 0:03:02]} 22. Qxb2 {[%emt 0:00:11]} Nb6 {[%emt 0:01:17]} 23. Nxb6 {[%emt 0:00:17]} Qxb6 {[%emt 0:00:01]} 24. Qe2 {[%emt 0:01:22]} Qe6 {[%emt 0:00:17]} 25. Rd3 {[%emt 0:03:41]} c4 {[%emt 0:14:23]} 26. Rxd8 {[%emt 0:00:26]} Rxd8 {[%emt 0:00:01]} 27. bxc4 {[%emt 0:04:32]} Qe5 {[%emt 0:01:06]} 28. Rc1 {[%emt 0:02:41]} g6 {[%emt 0:00:09]} 29. c5 {[%emt 0:01:47]} b3 {[%emt 0:06:01]} 30. c6 {[%emt 0:00:49]} Rc8 {[%emt 0:02:32]} 31. Qd2 {[%emt 0:02:39]} 1/2-1/2